Представление документа в формате RUSMARC

ПолеНазваниеЗначение
  Тип записи a
  Библиографический уровень m
001 Контрольный номер RU/УОНБ/EK/505826125
005 Дата корректировки 20240131004252.9
010 Индекс ISBN __
d Цена 1 р. 15 к.
9 Тираж 4000 экз.
100 Данные общей обработки __
a Данные общей обработки 20160111d1951 u y0rusy0189||||ca
101 Язык документа 0_
a Язык текста rus
102 Страна публикации __
a Страна публикации RU
105 Кодированные данные (монография) __
a Кодированные данные (монография) y z 000yy
200 Заглавие и сведения об ответственности 1_
a Заглавие Доходы колхозов
f Первые сведения об ответственности М.С. Каргаполов
g Последующие сведения об ответственности под ред. М.И. Тихомирова
210 Выходные данные 1_
a Место издания Омск
c Издательство Омское обл. гос. изд-во
d Дата издания 1951
215 Физическое описание __
a Объем 68 с.
d Формат 20 см
606 Тематические рубрики 0_
a Основная рубрика Колхозы
x Основная подрубрика Распределение доходов и урожая
610 Ключевые слова 0_
a Ключевые слова сельское хозяйство
610 Ключевые слова 0_
a Ключевые слова экономика сельского хозяйства
610 Ключевые слова 0_
a Ключевые слова доходы колхозов
610 Ключевые слова 0_
a Ключевые слова распределение доходов в колхозах
675 Индекс УДК __
a Индекс УДК 333С43
686 Индексы других классификаций __
a Классификационный индекс 65.321.81
2 Код системы rubbk
700 Автор _1
a Фамилия Каргаполов
b Имя (инициалы) М.С.
g Полное личное имя Матвей Сергеевич
702 Вторичная интеллектуальная ответственность _1
a Фамилия Тихомиров
b Имя (инициалы) М.И.
4 Код отношения 340
801 Источник записи _0
a Страна RU
b Организация Ульяновская ОНБ
c Дата составления 20160111
g Правила каталогизации RCR
801 Источник записи _1
a Страна RU
b Организация Ульяновская ОНБ
c Дата составления 20160111
g Правила каталогизации RCR
901 Тип документа __
t Тип документа m
909 Создатель записи __
a Создатель записи Храмова
938 Служебная информация __
a Имя БД retro
b Имя библиотеки УОНБ
c Имя АИБС МАРК-SQL
d Номер DOC_ID в БД 163772